| 000 | 00360nam a2200145Ia 4500 | ||
|---|---|---|---|
| 008 | 230917s9999||||xx |||||||||||||| ||und|| | ||
| 040 |
_e71850 _aMAIN |
||
| 041 | _aEnglish | ||
| 082 | _a005.432 D49U | ||
| 100 | _aPrakash, Dev | ||
| 245 | 0 | _aUNIX: Concepts and applications | |
| 260 |
_aNew Delhi _bCyber Tech _c2001 |
||
| 300 | _axxii, 570 p. | ||
| 942 | _cBK | ||
| 999 |
_c112788 _d112788 |
||